000 00408nam a2200145Ia 4500
008 150201s1999 xx 000 0 und d
082 _a617.5
_bR1999B
100 _aBRANEMARK,PER -INGVAR
245 _aREHABILITATION OF COMPLEX CLEFT PLATE CRANIOMAXILLOFACIAL DEFECTS.
250 _a1ST
260 _bQUINTESSENCE PUBLICATION
_aCHICAGO
_c1999
300 _a1-138
650 _aORAL SURGERY
942 _2ddc
_cBK
999 _c4652
_d4652